Uxmal- Kabah - Sayil (Record no. 10583)

MARC details
000 -CABECERA
campo de control de longitud fija 00828nam a2200253 a 4500
001 - NÚMERO DE CONTROL
campo de control BRL_1775
005 - FECHA Y HORA DE LA ÚLTIMA TRANSACCIÓN
campo de control 20190320211350.0
008 - DATOS DE LONGITUD FIJA--INFORMACIÓN GENERAL
campo de control de longitud fija 290715s1955----mx-a######---#000-0#spa-#
041 ## - CÓDIGO DE LENGUA
Código de lengua del texto/banda sonora o título independiente spa
044 ## - CÓDIGO DEL PAÍS DE LA ENTIDAD EDITORA/PRODUCTORA
Código MARC del país mx
050 #4 - SIGNATURA TOPOGRÁFICA DE LA BIBLIOTECA DEL CONGRESO
Número de clasificación F1435
Número de documento/Ítem .R89 1955
100 1# - ENTRADA PRINCIPAL--NOMBRE DE PERSONA
Nombre de persona Ruz Lhuillier, Alberto
Fechas asociadas al nombre 1906-1979
9 (RLIN) 23585
245 10 - MENCIÓN DE TÍTULO
Título Uxmal- Kabah - Sayil
Resto del título temporada 1953
Mención de responsabilidad, etc. Alberto Ruz Lhuillier
260 ## - PUBLICACIÓN, DISTRIBUCIÓN, ETC.
Lugar de publicación, distribución, etc. México
Nombre del editor, distribuidor, etc. Instituto Nacional de Antropología e Historia
Fecha de publicación, distribución, etc. 1955
300 ## - DESCRIPCIÓN FÍSICA
Extensión 27 p.
Otras características físicas il.
Dimensiones 23 cm.
440 #0 - MENCIÓN DE SERIE/PUNTO DE ACCESO ADICIONAL--TÍTULO
Título Dirección de Monumentos Pre-hispánicos. Informes
Designación de volumen o secuencia 1
9 (RLIN) 27843
500 ## - NOTA GENERAL
Nota general Au1956
651 #4 - PUNTO DE ACCESO ADICIONAL DE MATERIA--NOMBRE GEOGRÁFICO
Nombre geográfico Mayas
Subdivisión general Antigüedades
9 (RLIN) 27844
651 #4 - PUNTO DE ACCESO ADICIONAL DE MATERIA--NOMBRE GEOGRÁFICO
Nombre geográfico Kabah (Yucatán)
Subdivisión general Antigüedades
9 (RLIN) 27845
651 #4 - PUNTO DE ACCESO ADICIONAL DE MATERIA--NOMBRE GEOGRÁFICO
Nombre geográfico Sayil (Yucatán)
Subdivisión general Antigüedades
9 (RLIN) 27846
651 #4 - PUNTO DE ACCESO ADICIONAL DE MATERIA--NOMBRE GEOGRÁFICO
Nombre geográfico Uxmal (Yucatán)
Subdivisión general Antigüedades
9 (RLIN) 27847
902 ## - CATALOGADOR
Iniciales GRL
942 ## - ELEMENTOS DE PUNTO DE ACCESO ADICIONAL (KOHA)
Fuente del sistema de clasificación o colocación Library of Congress Classification
Tipo de ítem Koha Libros
Holdings
Estado de retiro Estado de pérdida Estado dañado No para préstamo Localización permanente Ubicación/localización actual Fecha de adquisición Número de inventario Total de préstamos Signatura topográfica completa Código de barras Fecha visto por última vez Precio válido a partir de Tipo de ítem Koha
El ejemplar forma parte de la colección y puede ser consultado según las políticas vigentes.       Biblioteca Centro de Estudios Ruth D. Lechuga Biblioteca Centro de Estudios Ruth D. Lechuga 29/07/2015 Au1956   F1435 .R89 1955 (Au1956) GRL01941 22/03/2019 22/03/2019 Libros